000 00398nam a2200145Ia 4500
008 231129s1990||||xx |||||||||||||| ||spa||
020 _a958-643-000-6 (obra
040 _bspa
082 _a923.5861 N229a
100 _aNarino Antonio 1765-1823
245 0 _aArchivo Narino
260 _c1990
264 _aFundacion Francisco de Paula Santander
942 _2ddc
_cBKS
999 _c5545
_d5545